000 01027nam a22003137a 4500
003 CHAP
005 20220329134608.0
008 971013s1972 r 00010 d
010 _a22766
011 _a23738
035 _a27835
040 _cCHAP
082 _a621.3133
_bD8Y
100 0 0 _aDuff, John R.
_934408
245 _aFundamentos de corriente alterna
260 _aMéxico, D.F. :
_bDiana,
_c1972
300 _a478 p.
_b: ilus.
490 _aManuales Delmar de electricidad y electrónica
590 _aBATCH-UPD
_b10
_c20130110
_lUCH01
_h2237
590 _aBATCH-UPD
_b10
_c20130410
_lUCH01
_h1532
590 _aBATCH-UPD
_b10
_c20130914
_lUCH01
_h1050
590 _aCONVERSION
_b10
_c20130109
_lUCH01
_h1313
650 1 4 _aCorriente eléctrica alterna.
_928258
830 0 _aManuales Delmar de electricidad y electrónica
_970679
901 _aBK
942 _cLIBRO
949 _a621.3133 D8Y
_bBC
_cLIBRO
_d-64377
_eLIBRO
_h16818
_i27835
_mD
_si
949 _a621.3133 D8Y
_bBC
_cLIBRO
_d-64378
_eLIBRO
_fc.2
_h16820
_i27835
_si
999 _c22766
_d22766